[Event "16th IND-chT Women 2018"]
[Site "Patia"]
[Date "2018.02.11"]
[Round "4"]
[White "Karavade, Eesha"]
[Black "Tania, Sachdev"]
[Result "1/2-1/2"]
[WhiteElo "2386"]
[BlackElo "2402"]
[Annotator "TA"]
[PlyCount "67"]
[EventDate "2018.??.??"]
[EventType "team-tourn"]
[EventCountry "IND"]
[SourceTitle "playchess.com"]
[Source "ChessBase"]
[SourceQuality "1"]

{[%evp 10,67,21,20,24,22,34,41,43,41,32,42,37,47,60,0,0,-7,0,-21,-13,-58,0,0,0,0,2,0,61,70,60,63,59,54,130,-1,-1,-6,0,-141,-133,-143,-49,-49,-18,-27,-17,-18,-16,-83,-75,-95,-104,-112,-74,-124,0,0,0,0]} 1. d4 Nf6 2. c4 b6 3. Nc3 Bb7 4. Qc2 d5 5. cxd5 Nxd5 6. e4 Nxc3 {A50: Queen's Fianchetto Defence (1 d4 Nf6 2 c4 b6)} 7. bxc3 e5 8. Nf3 exd4 {White is slightly better.} 9. Bc4 {[#] And now Ne5 would win.} Nc6 10. O-O d3 11. Bxd3 (11. Qa4 Qd7 12. Rd1 Ne5 13. Bb5 Nxf3+ 14. gxf3 {½-½ (37) Navara,D (2739)-Kempinski,R (2586) Poland 2017}) 11... Qe7 12. Qa4 ({Better is} 12. Re1 $14) 12... O-O-O $11 13. Ba6 {Black must now prevent Qxc6.} Kb8 $146 ({Predecessor:} 13... Na5 14. Bxb7+ Kxb7 {0-1 (31) Middelhoff,C (2114)-Mons,L (2464) Fuerth 2015}) 14. Bxb7 Kxb7 15. Re1 h6 (15... Ne5 $15) 16. Be3 $36 {[%mdl 2048] White has good play.} g6 17. Nd4 Nxd4 18. cxd4 Bg7 (18... Qxe4 $11 19. Bg5 Rxd4 20. Rxe4 Rxa4 21. Rxa4 hxg5) 19. Rac1 Qd7 20. Qc4 Rhe8 21. d5 g5 (21... f5 $14) 22. Bd4 (22. Red1 $16) 22... Bxd4 23. Qxd4 f5 24. Rcd1 (24. f3 $11 {keeps the balance.}) 24... fxe4 $17 25. Rxe4 {[#]} Rxe4 (25... Qxd5 $1 $17 {[%mdl 512]} 26. Rxe8 (26. Qxd5+ Rxd5) 26... Qxd4 27. Rxd8 Qa4) 26. Qxe4 {[%mdl 4096] Endgame KQR-KQR} Qd6 27. h4 Kb8 28. hxg5 hxg5 29. Qf5 (29. g3 $11) 29... Rh8 30. g3 Qh6 {[%csl Gh8][%cal Rh6h1]} 31. Qe4 Qh2+ 32. Kf1 Qh1+ ({Black should try} 32... Rf8 $17 {[%csl Gf8][%cal Rh2f2]} 33. Qg2 Qh5) 33. Qxh1 $11 Rxh1+ 34. Ke2 {Precision: White = 41%, Black = 47%.} 1/2-1/2

[Event "16th IND-chT Women 2018"]
[Site "Patia"]
[Date "2018.02.11"]
[Round "4"]
[White "Padmini, Rout"]
[Black "Vijayalakshmi, Subbaraman"]
[Result "1-0"]
[WhiteElo "2325"]
[BlackElo "2352"]
[Annotator "TA"]
[PlyCount "89"]
[EventDate "2018.??.??"]
[EventType "team-tourn"]
[EventCountry "IND"]
[SourceTitle "playchess.com"]
[Source "ChessBase"]
[SourceQuality "1"]

{[%evp 21,89,31,54,8,52,52,53,50,50,54,49,45,62,40,48,47,65,61,63,41,81,101,152,158,206,88,216,219,278,254,326,154,196,144,192,169,241,175,286,290,174,138,213,199,204,199,689,690,941,943,1087,827,793,752,793,786,4000,629,808,789,1270,1267,1262,1260,1218,1138,1471,1431,1254,1304]} 1. e4 c5 2. Nf3 Nc6 3. d4 cxd4 4. Nxd4 e5 5. Nb5 d6 6. c4 Be7 7. N1c3 a6 8. Na3 Be6 9. Bd3 Rc8 {B32: Sizilianisch (Löwenthal-Variante)} (9... Bg5 10. O-O Bxc1 11. Rxc1 Nf6 12. Nc2 O-O 13. Qd2 Qb6 14. Rfd1 Rac8 15. b3 Qa7 16. h3 h6 17. Qe1 Rfd8 18. Bf1 Ne7 19. Ne3 Nc6 20. Nc2 Ne7 21. Ne3 Nc6 22. Nc2 {½-½ (22) Mastrovasilis,D (2584)-Moiseenko,A (2673) Aix les Bains 2011}) 10. O-O Nf6 11. b3 Nb4 {LiveBook: 4 Partien. Weiß steht etwas besser.} 12. Bb2 $146 ({Vorgänger:} 12. Nd5 Nbxd5 13. cxd5 Bg4 14. f3 Bd7 15. Be3 b5 16. Qd2 {0-1 (49) Semprun Martinez,F (2213)-McDonald,N (2418) London 2013}) 12... Nd7 13. Nc2 Nxc2 14. Qxc2 O-O 15. Rad1 Qa5 16. Qd2 Rfd8 17. Bb1 Bf8 18. Qe2 Nf6 19. Nd5 Bxd5 20. exd5 Qc5 21. Kh1 Re8 (21... Nd7 $142) 22. f4 $1 $16 Nd7 ({Jedoch nicht} 22... exf4 $2 23. Qc2) 23. Qg4 (23. fxe5 $18 {Und weiter mit Lxh7+ wäre nett.} Nxe5 24. Bxh7+ $1 {[%mdl 512]} Kxh7 25. Qh5+ Kg8 26. Bxe5) 23... Rc7 (23... Qc7 $16 {war angesagt.}) 24. Bf5 $18 Nf6 25. Qh4 h6 26. fxe5 (26. g4 $1 $18 {und der Rest ist Schweigen.}) 26... dxe5 $16 27. Bb1 (27. Bc1 $18) 27... Nh7 28. Qh5 Bd6 (28... e4 {war nötig.} 29. Bd4 Qb4) 29. Qg4 b5 (29... Qb6 $142 30. Bc3 Bc5) 30. Bc1 $1 $18 {[%cal Rc1h6] zielt auf Lxh6 ab.} Kh8 {[%cal Rb5c4]} 31. Qe4 $40 {[%csl Gb1][%cal Re4h7][%mdl 128] Weiss will per K.O. gewinnen.} Nf8 (31... g6 $16 {ist eine bessere Verteidigung.} 32. cxb5 Qxb5) 32. Be3 Qb4 {[%cal Rb5c4]} 33. Bd3 Qa5 $2 {[#]} (33... bxc4 34. bxc4 Bc5) 34. c5 $1 {[%cal Bc4c5,Bc5d6][%mdl 544] Weiß steht klar auf Gewinn.} Qxa2 (34... Bxc5 35. Bxc5) 35. cxd6 Rd7 36. b4 Kg8 37. Bc5 g6 38. Qg4 {Droht Lxg6! und aus.} Kh7 {[#]} 39. Qe2 (39. Bxg6+ $142 $1 {[%mdl 512]} fxg6 {[#]} 40. Rxf8 $1 {[%mdl 512]} Rxf8 41. Qxd7+ Kh8 42. Qe7) 39... Qb3 40. Bc2 Qc3 41. Rd3 Qc4 42. Bb3 Qh4 43. Rh3 Qd8 44. Qe3 h5 45. g4 {Precision: Weiß = 68%, Schwarz = 28%.} 1-0

[Event "16th IND-chT Women 2018"]
[Site "Patia"]
[Date "2018.02.11"]
[Round "4"]
[White "Kulkarni Bhakti"]
[Black "Soumya, Swaminathan"]
[Result "1/2-1/2"]
[WhiteElo "2290"]
[BlackElo "2349"]
[Annotator "TA"]
[PlyCount "87"]
[EventDate "2018.??.??"]
[EventType "team-tourn"]
[EventCountry "IND"]
[SourceTitle "playchess.com"]
[Source "ChessBase"]
[SourceQuality "1"]

{[%evp 12,87,7,0,31,20,24,7,13,21,6,-64,27,23,36,-21,24,-17,-13,-18,-34,-25,-23,-127,-138,-105,-134,-165,-172,-235,-227,-358,-359,-357,-350,-326,-233,-252,-261,-212,-250,-251,-244,-242,-177,-172,-163,-187,-225,-176,0,0,95,102,268,275,496,495,475,458,629,256,251,0,8,0,39,0,0,0,0,0,0,0,0,0,0,0]} 1. d4 d5 2. c4 c6 3. e3 Nf6 4. Nc3 e6 5. b3 Nbd7 (5... Bb4 6. Bd2 Nbd7 7. a3 Be7 8. Nf3 O-O 9. Bd3 b6 10. O-O Bb7 11. Qe2 c5 12. Rfd1 Rc8 13. cxd5 Nxd5 14. Ba6 Nxc3 15. Bxc3 Bxa6 16. Qxa6 cxd4 17. Bxd4 Qc7 18. Qb5 Rfd8 19. a4 {½-½ (19) Kuzubov,Y (2690)-Wang,H (2706) Baile Govora 2017}) 6. Bb2 {D31: Queen's Gambit Declined: Semi-Slav without ...Nf6 (+ Marshall Gambit and Noteboom) and Exchange Variation lines without ...Nf6} Bd6 7. Bd3 {LiveBook: 15 Games} dxc4 8. bxc4 {White is slightly better.} e5 9. Nge2 exd4 10. exd4 O-O 11. O-O (11. Qc2 $11) 11... Re8 (11... Bxh2+ $1 $15 12. Kxh2 Ng4+ 13. Kg3 Qc7+ 14. Kf3 (14. Kxg4 Ne5+ 15. Kg3 Nxd3+ 16. f4 Nxb2 $15) 14... Nh2+ 15. Ke3 Nxf1+ 16. Qxf1 Re8+ 17. Kd2 Qa5) 12. Ng3 $11 Nf8 {[%cal Bd7f8,Bf8g6,Bg6e5][%mdl 32]} 13. Nf5 $146 ({Better is} 13. Qc2 $14) ({Predecessor:} 13. Qc2 Ng6 14. Rfe1 Be6 15. Nce4 Nxe4 16. Rxe4 Qd7 17. Rae1 {½-½ (17) Nguyen Huynh Minh,H (2504)-Kozak,A (2333) Budapest 2015}) 13... Bc7 (13... Bxf5 $5 14. Bxf5 Qa5 $11) 14. Qd2 Ng6 15. g3 c5 16. d5 Ne5 17. f4 (17. Nh4 $11 {keeps the balance.}) 17... Bxf5 $1 $17 18. fxe5 Bxd3 19. Qxd3 Bxe5 20. Kh1 (20. Na4 $142) 20... Bd4 $19 21. Rf4 {[#]} (21. Rae1 {keeps fighting.}) 21... b5 $1 {[%mdl 512]} 22. Rxd4 (22. Nxb5 Bxb2) 22... cxd4 23. Nxb5 Qa5 24. Bxd4 Re1+ $1 25. Rxe1 Qxe1+ 26. Kg2 Re8 $1 {[%cal Re8e2]} 27. Nc3 Ne4 28. Nd1 a6 29. c5 Qa5 $1 30. Qc2 {[#]} f5 $2 ({Black should play} 30... Qb4 $1 $19 {[%cal Rb4d4]} 31. Bg1 Re5) 31. Ne3 $11 g6 (31... f4 $11 {remains equal.} 32. gxf4 Qb4) 32. d6 $16 {[%cal Bd5d6,Bd6d7][%mdl 32]} Qb5 $2 (32... Rd8 $16) 33. Qc4+ $18 Kf8 $2 (33... Qxc4 34. Nxc4 Rd8) 34. Qxb5 axb5 {[%mdl 4096] Endgame KRN-KBN} 35. d7 {And now c6 would win.} Ra8 36. c6 (36. Nd5 $142 {White wants to mate with c6.} Ng5 37. c6) 36... Ke7 {[#]} ({But not} 36... Rxa2+ $2 37. Kg1 $18) 37. Bb6 $2 (37. a3 $1 $18 {[%mdl 512]}) 37... Rxa2+ 38. Kg1 Rd2 {[#]} 39. Nc2 $1 {[%mdl 1536] White has compensation.} Ng5 {The position is equal.} (39... Rxc2 40. d8=Q+) 40. Bc5+ Kd8 {Strongly threatening ...Kc7.} 41. Bb6+ Ke7 42. Bc5+ Kd8 {White must now prevent ...Kc7.} 43. Bb6+ Ke7 44. Bc5+ {Precision: White = 43%, Black = 53%.} 1/2-1/2

[Event "16th IND-chT Women 2018"]
[Site "Patia"]
[Date "2018.02.11"]
[Round "4"]
[White "Kulkarni Bhakti"]
[Black "Soumya, Swaminathan"]
[Result "*"]
[WhiteElo "2290"]
[BlackElo "2349"]
[Annotator "TA"]
[PlyCount "33"]
[EventDate "2018.??.??"]
[EventType "team-tourn"]
[EventCountry "IND"]
[SourceTitle "playchess.com"]
[Source "ChessBase"]
[SourceQuality "1"]

{[%evp 9,24,2,16,0,0,-1,16,18,22,13,26,12,24,-33,26,32,31]} 1. d4 d5 2. c4 c6 3. e3 Nf6 4. Nc3 e6 5. b3 Nbd7 (5... Bb4 6. Bd2 Nbd7 7. a3 Be7 8. Nf3 O-O 9. Bd3 b6 10. O-O Bb7 11. Qe2 c5 12. Rfd1 Rc8 13. cxd5 Nxd5 14. Ba6 Nxc3 15. Bxc3 Bxa6 16. Qxa6 cxd4 17. Bxd4 Qc7 18. Qb5 Rfd8 19. a4 {½-½ (19) Kuzubov,Y (2690)-Wang,H (2706) Baile Govora 2017}) 6. Bb2 {D31: Queen's Gambit Declined: Semi-Slav without ...Nf6 (+ Marshall Gambit and Noteboom) and Exchange Variation lines without ...Nf6} Bd6 7. Bd3 dxc4 8. bxc4 {The position is equal.} e5 9. Nge2 exd4 10. exd4 O-O 11. O-O ({White should try} 11. h3 $11) 11... Re8 (11... b5 $15) 12. Ng3 $11 Nf8 {Predecessor:} 13. Qc2 $146 Ng6 14. Rfe1 Be6 15. Nce4 Nxe4 16. Rxe4 Qd7 17. Rae1 {½-½ (17) Nguyen Huynh Minh,H (2504)-Kozak,A (2333) Budapest 2015} *

[Event "16th IND-chT Women 2018"]
[Site "Patia"]
[Date "2018.02.11"]
[Round "4"]
[White "Meenakshi Subbaraman"]
[Black "Mohota, Nisha"]
[Result "0-1"]
[WhiteElo "2193"]
[BlackElo "2256"]
[Annotator "TA"]
[PlyCount "108"]
[EventDate "2018.??.??"]
[EventType "team-tourn"]
[EventCountry "IND"]
[SourceTitle "playchess.com"]
[Source "ChessBase"]
[SourceQuality "1"]

{[%evp 9,108,5,11,0,14,-14,-4,-10,0,-22,-28,-18,-20,0,-11,-97,-99,-91,-62,-89,-109,-76,-46,-60,-55,-71,-50,-60,-52,-49,-14,-5,-13,-9,-12,-32,-12,-18,-20,-54,-41,-49,-53,-46,-35,-50,-49,-62,-25,-26,-21,-127,-131,-122,-127,-86,-92,-141,-108,-157,-113,-117,-108,-109,-107,-107,-85,-85,-85,-85,-85,-1025,-980,-1361,-1384,-1236,-1225,-2016,-2162,-1860,-2047,-1762,-1535,-5612,-5612,-5612,-5612,-29978,-29979,-29979,-29981,-29979,-29939,-29987,-29988,-29988,-29989,-29989,-29990,-29990,-29991]} 1. d4 Nf6 2. Nf3 d5 3. e3 c5 4. Nbd2 cxd4 5. exd4 Nc6 6. c3 {D04: Colle System} (6. Bb5 Bg4 7. c4 dxc4 8. Qa4 Bd7 9. Ne5 Nxe5 10. dxe5 Bxb5 11. Qxb5+ Qd7 12. Qxc4 Nd5 13. O-O {1-0 (27) Carlsen,M (2832)-So,W (2815) chess.com INT 2017}) 6... Bg4 7. Be2 e6 8. h3 {The position is equal.} Bh5 9. g4 $146 ({Predecessor:} 9. O-O Bd6 10. Re1 O-O 11. Nh2 Bc7 12. Bxh5 Qd6 13. g3 Rfe8 {1-0 (27) Kudriashov,A (2318)-Lapenko,A (1700) Kemerovo 2009}) 9... Bg6 10. Ne5 Nxe5 11. dxe5 Nd7 12. Qa4 (12. h4 $11 h6 13. h5) 12... a6 13. Nf3 {[%cal Bd2f3,Bf3d4,Bd4e6][%mdl 32]} Be7 14. Bf4 O-O 15. O-O b5 16. Qd4 Be4 17. Qe3 Bc5 18. Nd4 f6 19. Bg3 fxe5 20. Nxe6 Bxe3 21. Nxd8 Bb6 22. Nc6 Rae8 23. Nb4 Nc5 24. Rad1 {[#]} d4 $1 {[%mdl 512]} 25. cxd4 exd4 {aiming for ...Bb7.} 26. Bd6 Rf6 27. Bxc5 $1 Bxc5 28. Nd3 $1 {[%cal Rd3c5]} Bb6 $36 {[%mdl 2048] Hoping for ...Rh6. Black is more active.} 29. Rfe1 Ref8 30. f4 (30. a3 $11) 30... Rxf4 $1 $17 31. Bf1 ({Not} 31. Nxf4 $2 d3+ 32. Kh2 dxe2) 31... Bxd3 32. Bxd3 Rf3 {White must now prevent ...Rg3+.} 33. Rf1 Rxh3 34. Rxf8+ Kxf8 {[%mdl 4096] Endgame KRB-KRB} 35. Kg2 Re3 36. Rf1+ Ke7 37. Rf3 h6 (37... Re6 {is more complex.} 38. Rf2 Rd6 39. b3 g6 40. a4 bxa4 41. bxa4 a5) 38. Rxe3+ dxe3 {KB-KB} 39. Kf3 Kd6 40. b3 $2 {[%mdl 8192]} (40. Ke4 $17) 40... Kd5 41. Ke2 {[#]} Kd4 $1 42. Bf5 Kc3 43. Bd7 b4 44. Bc8 a5 45. Ba6 Kb2 46. Bc4 Kxa2 47. Bf7 Ka3 48. Kd3 a4 {Black mates.} 49. bxa4 b3 {[%cal Bb4b3,Bb3b2][%mdl 32]} 50. a5 Ba7 51. Bc4 b2 52. Kc2 {[#]} e2 $1 53. Bxe2 {[#]} Ka2 $1 54. Bc4+ Ka1 {Precision: White = 40%, Black = 75%.} 0-1

[Event "16th IND-chT Women 2018"]
[Site "Patia"]
[Date "2018.02.11"]
[Round "4"]
[White "Parnali, S Dharia"]
[Black "Saranya, Y."]
[Result "1-0"]
[WhiteElo "2144"]
[BlackElo "1966"]
[Annotator "TA"]
[PlyCount "95"]
[EventDate "2018.??.??"]
[EventType "team-tourn"]
[EventCountry "IND"]
[SourceTitle "playchess.com"]
[Source "ChessBase"]
[SourceQuality "1"]

{[%evp 19,95,3,2,-4,-22,-27,-25,-34,0,12,4,0,24,22,9,9,16,8,13,-22,25,21,20,-45,85,80,123,91,83,83,83,88,93,62,211,76,73,62,61,15,74,50,44,52,75,54,111,110,107,108,112,109,167,164,164,186,230,230,281,258,241,129,96,101,472,437,421,406,12833,12832,29984,29985,29979,2281,29988,29989,29988,29989]} 1. d4 d5 2. c4 e6 3. Nf3 Nf6 4. g3 Be7 5. Bg2 O-O 6. O-O dxc4 7. Qa4 a6 8. Qxc4 b5 9. Qc2 Bb7 10. Bd2 Ra7 {LiveBook: 186 Games. E05: Open Catalan: 5 Nf3 Be7} 11. Nc3 Nbd7 12. Rad1 $146 ({Predecessor:} 12. b4 Bxb4 13. Nxb5 axb5 14. Bxb4 Be4 15. Qb2 Re8 16. Rfc1 Qa8 17. Bc5 Ra4 18. Ne1 {½-½ (18) Shirov,A (2741)-Jakovenko,D (2709) Poikovsky 2008}) 12... Qa8 {Black has an edge.} 13. Be3 Nd5 14. Nxd5 Bxd5 15. Ne1 Nf6 16. f3 a5 ({Reject} 16... Bxa2 $6 17. b3 $18) 17. Nd3 a4 18. Ra1 b4 19. Ne5 b3 (19... Bxa2 {seems wilder.} 20. Nc6 Nd5 21. Nxe7+ Nxe7 22. Qc5 Nd5) 20. axb3 axb3 21. Rxa7 (21. Qd1 $11) 21... Qxa7 (21... bxc2 $15 22. Rxa8 Rxa8) 22. Qc3 $16 Ra8 23. Rc1 Bd6 24. Bf2 Qa4 25. e4 Bb7 26. Nd3 c6 {[#]} (26... Ba6 $14) 27. Nc5 (27. d5 $1 $18 {[%mdl 512] and the rest is easy.}) 27... Bxc5 28. dxc5 Ba6 29. Rd1 h6 (29... Be2 $11 30. Rc1 Rd8) 30. Bf1 Bxf1 31. Kxf1 Ne8 32. Rd7 Ra7 (32... Qb5+ $14 33. Qd3 Nc7) 33. Rxa7 Qxa7 34. Qxb3 Kf8 35. Qb6 Qa8 (35... Qd7 $16 36. Qb8 f5) 36. b4 Qa4 37. Kg2 g5 38. g4 e5 39. Qb8 f6 {[#]} 40. Qb7 (40. Qc8 $1 $18) 40... Ng7 41. Qd7 $36 {[%mdl 2048] Threatens to win with h4. White has strong initiative.} Qa2 $2 {[%mdl 8192]} (41... h5 $16 {is tougher.} 42. gxh5 Nxh5) 42. Qd6+ $18 Kf7 {intending ...Ne6.} 43. Qxc6 {Black must now prevent Qd5+.} Qb2 (43... Ne6 $142 44. Qd7+ Kg6) 44. Qd7+ Kg6 45. c6 {[%cal Bc5c6,Bc6c7][%mdl 32]} Qb3 46. Qd5 (46. c7 $142 h5 47. c8=Q Qf7 48. Qxf7+ Kxf7 49. Qd7+ Kg6 50. b5 Kh6 51. Bc5) 46... Qxb4 47. c7 Qc3 48. Qc5 {Precision: White = 47%, Black = 36%.} 1-0

[Event "16th IND-chT Women 2018"]
[Site "Patia"]
[Date "2018.02.11"]
[Round "4"]
[White "Varshini, V."]
[Black "Saranya, J."]
[Result "1/2-1/2"]
[WhiteElo "2103"]
[BlackElo "2077"]
[Annotator "TA"]
[PlyCount "100"]
[EventDate "2018.??.??"]
[EventType "team-tourn"]
[EventCountry "IND"]
[SourceTitle "playchess.com"]
[Source "ChessBase"]
[SourceQuality "1"]

{[%evp 12,100,7,10,12,0,7,0,43,26,56,67,89,84,130,120,108,19,131,150,141,141,150,131,123,150,140,72,68,54,101,99,133,129,136,138,169,106,237,225,264,227,220,221,208,96,93,52,52,72,55,0,0,0,30,29,30,9,10,8,104,113,101,0,32,16,21,16,29996,307,1031,0,0,0,0,0,0,0,0,0,0,0,0,0,0,0,0,0,0,0,0]} 1. e4 c5 2. Nc3 d6 3. Nge2 Nf6 4. g3 g6 5. Bg2 Bg7 6. d3 Nc6 7. h3 {LiveBook: 79 Partien} e6 {B25: Sizilianisch (Geschlossenes System)} 8. O-O O-O 9. Be3 Nd7 (9... b6 10. Qd2 d5 11. Bh6 Bxh6 12. Qxh6 Nd4 13. exd5 Nxe2+ 14. Nxe2 exd5 15. Rfe1 Bb7 16. g4 {0-1 (57) Carlsen,M (2837)-Ding,L (2774) Saint Louis 2017}) 10. d4 $146 ({Vorgänger:} 10. Qd2 Nb6 11. f4 Bd7 12. Nd1 Nc8 13. a4 N8e7 14. c3 Rb8 15. g4 f5 {1-0 (45) Pauwels,X (1884)-Verstraeten,I (1681) Blankenberge 2015}) 10... Na5 11. b3 Rb8 12. Qd3 a6 13. Rad1 c4 14. bxc4 (14. Qd2 $1 $16) 14... Qc7 (14... Nb6 $11) 15. c5 $1 $16 dxc5 16. Bf4 e5 17. Nd5 Qd6 18. dxe5 Nxe5 19. Bxe5 (19. Qc3 $142 Nac6 20. Bg5) 19... Qxe5 20. f4 Qe8 21. e5 Bf5 22. Qc3 b6 23. Rb1 $1 Nc6 24. Nxb6 (24. Rxb6 $18 Rxb6 25. Nxb6) 24... Ne7 (24... Nd4 $16 25. Nxd4 cxd4 26. Qxd4 Bxc2) 25. Qxc5 $18 f6 26. g4 ({Keinesfalls} 26. Nd5 $6 Nxd5 27. Bxd5+ Kh8 $16) 26... Be6 27. Nd4 Bxa2 28. Rb2 (28. Ra1 $18 {bietet bessere Gewinnchancen.} Qd8 29. Rxa2 Rxb6 30. f5) 28... fxe5 $16 29. fxe5 (29. Rxa2 {seems wilder.} exd4 30. Rxa6 Qd8 31. Nd5 Nxd5 32. Qxd5+ Kh8 33. Qxd8 Rbxd8 34. Be4) 29... Rxf1+ 30. Bxf1 Bf7 31. e6 (31. Rb4 $14 Rd8 32. e6 (32. Bxa6 Nd5 $15) 32... Bxd4+ 33. Rxd4 Bxe6 34. Bxa6) 31... Bxe6 $1 $11 32. Bxa6 Bxd4+ 33. Qxd4 {Droht stark Sd7!} Rd8 34. Qe3 Rd1+ 35. Bf1 Qc6 {[#]} (35... Qf7 $1 $11 36. Qf2 Qg7) 36. c4 $1 $16 {[%mdl 512]} Nc8 (36... Bxc4 37. Nxc4) 37. Nd5 (37. c5 $16) 37... Bxd5 (37... Rxf1+ $5 38. Kxf1 Qxc4+ 39. Kg1 Bxd5 $11) 38. cxd5 Rxd5 39. Rf2 {zielt auf Lc4 ab.} Nd6 $2 {[%mdl 8192]} (39... Rd8 $11) 40. Qe7 $2 (40. Qe6+ {setzt Matt} Kg7 41. Qf6+ Kh6 42. Qf4+ g5 43. Qf6#) 40... Qc8 $2 {[#]} (40... Nf5 41. gxf5 Rxf5 42. Rxf5 gxf5) 41. Bg2 $2 (41. Bc4 $1 $18 {[%cal Rc4d5][%mdl 512]} Nxc4 (41... Qxc4 42. Rf8#) 42. Qf7+ Kh8 43. Qxd5) 41... Rd1+ $11 {Die Stellung ist ausgeglichen.} 42. Kh2 {Und Ta2 würde nun gewinnen.} Qe8 43. Qg5 $40 {[%mdl 128] Und weiter mit Ld5+ wäre nett. Weiss hat einigen Angriff.} Ne4 44. Qe3 Qe5+ 45. Qf4 Qxf4+ 46. Rxf4 Nd6 47. Kg3 Kg7 48. Ra4 Rd3+ 49. Kf2 Rd2+ 50. Kg3 Rd3+ {Precision: Weiß = 41%, Schwarz = 31%.} 1/2-1/2

[Event "16th IND-chT Women 2018"]
[Site "Patia"]
[Date "2018.02.11"]
[Round "4"]
[White "Divya, Lakshmi R (C)"]
[Black "Srija, Seshadri"]
[Result "0-1"]
[WhiteElo "1926"]
[BlackElo "2252"]
[Annotator "TA"]
[PlyCount "74"]
[EventDate "2018.??.??"]
[EventType "team-tourn"]
[EventCountry "IND"]
[SourceTitle "playchess.com"]
[Source "ChessBase"]
[SourceQuality "1"]

{[%evp 18,74,24,11,24,33,61,12,11,0,0,3,11,0,0,0,0,5,0,-35,-18,-51,-49,-119,-129,-125,-123,-147,-147,-127,-141,-187,-147,-217,-204,-207,-188,-179,-198,-193,-177,-210,-227,-515,-510,-617,-619,-973,-958,-945,-582,-29992,-29993,-29993,-29994,-29995,-29996,-29996,-29997]} 1. e4 e5 2. Nf3 Nc6 3. Bb5 {[%cal Bf1b5,Bb5a4,Ba4b3][%mdl 32]} a6 4. Ba4 Nf6 5. d3 b5 6. Bb3 Bc5 7. Nc3 d6 {C77: Ruy Lopez: 3...a6 4 Ba4 Nf6, unusual lines} 8. Nd5 h6 9. c3 Rb8 (9... O-O 10. O-O Rb8 11. Nxf6+ Qxf6 12. h3 Ne7 13. d4 Bb6 14. Be3 Ng6 15. a4 {1-0 (45) Caruana,F (2808)-Mamedyarov,S (2800) Paris 2017}) 10. O-O {LiveBook: 27 Games} Ba7 $146 (10... O-O {keeps more tension.} 11. d4 Ba7 12. Be3 Ng4 13. dxe5 Nxe3 14. Nxe3 Nxe5 15. Nxe5 dxe5 16. Qxd8 Rxd8 17. Rfd1 Rxd1+ 18. Rxd1 Kf8) ({Predecessor:} 10... O-O 11. d4 Ba7 12. Be3 Nxd5 13. Bxd5 Ne7 14. dxe5 Bxe3 15. fxe3 Nxd5 16. exd5 dxe5 17. Nxe5 {0-1 (49) Huschenbeth,N (2596)-Ragger,M (2659) Germany 2017}) 11. Be3 {And now Nxf6+ would win.} Bxe3 12. Nxe3 O-O 13. a4 b4 14. a5 Ne7 15. Nd2 d5 16. Re1 bxc3 17. bxc3 c6 {[%cal Bc7c6,Bc6d5,Bd5d4][%mdl 32]} 18. exd5 cxd5 19. c4 d4 20. Nef1 ({White should try} 20. Nd5 $1 $15) 20... Ng6 $17 21. Ng3 Nf4 22. Nf3 Bb7 23. Ba4 Qc7 ({But not} 23... Qxa5 $6 24. Bc6 $1 $11 {[%mdl 512]}) 24. Rc1 Nh7 25. c5 (25. Nf5 $17) 25... Bxf3 $19 26. Qxf3 Qxa5 {aiming for ...Ng5.} 27. Bd7 Ng5 28. Qd1 {[#]} Rb2 $1 {[%cal Bb8b2,Bb2f2,Bf2g2][%mdl 32]} 29. c6 Qa2 $40 {[%mdl 128] White is in trouble.} ({Don't take} 29... Qd5 30. Ne4 $17) ({Much less strong is} 29... Rd2 30. Qg4 $17) 30. Ra1 $2 (30. Ne4) 30... Qd5 {[%csl Gf4][%cal Rd5g2]} 31. Ne4 f5 {[%cal Bf7f5,Bf5e4][%mdl 32]} 32. Qa4 fxe4 33. Qc4 Rxf2 34. c7 Rxg2+ {Black mates.} 35. Kh1 Qxc4 36. dxc4 Nf3 {[%csl Gf3][%cal Rg2h2]} 37. Be6+ Kh8 {Precision: White = 29%, Black = 82%.} 0-1